[Event "ENCI Limburg-open B"]
[Site "Maastricht"]
[Date "2011.06.11"]
[Round "3"]
[White "Dittmar, Thomas"]
[Black "Hollands, Maxim"]
[Result "1-0"]
[WhiteElo "1974"]
[BlackElo "1851"]
[PlyCount "89"]
[EventDate "2011.06.10"]
[EventType "swiss"]
[EventRounds "7"]
[EventCountry "NED"]
[Source "P.Boonen"]
[SourceDate "2012.01.01"]

1. d4 Nf6 2. Nf3 g6 3. c4 Bg7 4. Nc3 O-O 5. e4 d6 6. Be2 e5 7. d5 a5 8. Bg5 h6
9. Bh4 Na6 10. Nd2 Qe8 11. a3 Nh7 12. f3 f5 13. Rb1 g5 14. Bf2 f4 15. b4 Nf6
16. c5 Qg6 17. Nc4 Ne8 18. cxd6 axb4 19. axb4 cxd6 20. Nb6 Rb8 21. Nca4 Nf6 22.
Nxc8 Rbxc8 23. Nb6 Rc7 24. Nc4 Rd7 25. Na5 Nc7 26. Nxb7 g4 27. Na5 g3 28. Bg1
gxh2 29. Rxh2 Qg3+ 30. Kf1 Qg6 31. Bf2 Nh5 32. Rh3 Bf6 33. Kg1 Rg7 34. Bf1 Nb5
35. Qd3 Nd4 36. Bxd4 exd4 37. e5 Qe8 38. exf6 Rxf6 39. Qxd4 Rf5 40. Qe4 Re5 41.
Qc2 Ng3 42. Bd3 Re1+ 43. Kh2 Qe3 44. Rxe1 Qxe1 45. Qc8+ 1-0

[Event "ENCI Limburg-open B"]
[Site "Maastricht"]
[Date "2011.06.11"]
[Round "3"]
[White "Esser, Thomas"]
[Black "Hogerhorst, Tony"]
[Result "0-1"]
[WhiteElo "1782"]
[BlackElo "1865"]
[PlyCount "80"]
[EventDate "2011.06.10"]
[EventType "swiss"]
[EventRounds "7"]
[EventCountry "NED"]
[Source "P.Boonen"]
[SourceDate "2012.01.01"]

1. e4 c5 2. Nf3 Nc6 3. d4 cxd4 4. Nxd4 Nf6 5. Nc3 d6 6. Bg5 Qa5 7. Bxf6 gxf6 8.
Be2 Rg8 9. Bf3 Ne5 10. O-O Bh3 11. b4 Nxf3+ 12. Qxf3 Bxg2 13. Qg3 Rxg3 14. bxa5
Rxc3 15. Kxg2 a6 16. Rfd1 Kd7 17. Rab1 Rb8 18. Rd3 Rc5 19. Rb6 Kc7 20. Rdb3 e5
21. Nf5 Rxa5 22. Ne3 Rc5 23. Nd5+ Kc8 24. Nb4 Ra8 25. Nd5 Ra7 26. c3 f5 27. Nf6
fxe4 28. Nxe4 Rc6 29. Nf6 Be7 30. Nd5 Bd8 31. R6b4 f5 32. a4 Rc5 33. Ne3 a5 34.
Rb5 Rxb5 35. Rxb5 f4 36. Nc4 Ra6 37. Rd5 Bc7 38. Kf3 Rc6 39. Nxa5 Rxc3+ 40. Ke4
b6 0-1

[Event "ENCI Limburg-open B"]
[Site "Maastricht"]
[Date "2011.06.11"]
[Round "3"]
[White "Gallardo Banez, Alfonso"]
[Black "Goes, Dirk"]
[Result "1/2-1/2"]
[WhiteElo "1915"]
[BlackElo "1956"]
[PlyCount "31"]
[EventDate "2011.06.10"]
[EventType "swiss"]
[EventRounds "7"]
[EventCountry "NED"]
[Source "P.Boonen"]
[SourceDate "2012.01.01"]

1. c4 e5 2. g3 Nc6 3. Nc3 f5 4. Nf3 e4 5. Nh4 g6 6. d3 exd3 7. Qxd3 d6 8. Nf3
Be6 9. b3 Ne5 10. Qc2 Nxf3+ 11. exf3 Bg7 12. Bb2 Nf6 13. Be2 Qe7 14. O-O O-O
15. Rfe1 Qf7 16. Rad1 1/2-1/2

[Event "ENCI Limburg-open B"]
[Site "Maastricht"]
[Date "2011.06.11"]
[Round "3"]
[White "Gendarme, Pierre"]
[Black "Heijenrath, Jan"]
[Result "1-0"]
[WhiteElo "1821"]
[BlackElo "1782"]
[PlyCount "53"]
[EventDate "2011.06.10"]
[EventType "swiss"]
[EventRounds "7"]
[EventCountry "NED"]
[Source "P.Boonen"]
[SourceDate "2012.01.01"]

1. d4 Nf6 2. Bg5 d5 3. Nd2 c6 4. Ngf3 Nbd7 5. e3 e6 6. Bd3 Be7 7. Qe2 h6 8. Bf4
O-O 9. Ne5 c5 10. c3 Re8 11. Qf3 Qb6 12. Rb1 cxd4 13. exd4 Nxe5 14. dxe5 Nd7
15. g4 Bh4 16. Bg3 Qd8 17. Qe2 Nf8 18. Nf3 Bxg3 19. hxg3 f6 20. Rh5 Bd7 21. Kd2
Rc8 22. exf6 Qxf6 23. Ne5 Re7 24. g5 hxg5 25. Ng4 Qf7 26. Rbh1 g6 27. Nh6+ 1-0

[Event "ENCI Limburg-open B"]
[Site "Maastricht"]
[Date "2011.06.11"]
[Round "3"]
[White "Hoelting, Siegfried"]
[Black "Vaneylen, Stefan"]
[Result "1-0"]
[WhiteElo "1943"]
[BlackElo "1774"]
[PlyCount "101"]
[EventDate "2011.06.10"]
[EventType "swiss"]
[EventRounds "7"]
[EventCountry "NED"]
[Source "P.Boonen"]
[SourceDate "2012.01.01"]

1. e4 d5 2. exd5 Nf6 3. d4 Nxd5 4. Nf3 Bf5 5. c3 e6 6. Qb3 Nb6 7. Bb5+ c6 8.
Be2 Bd6 9. c4 N8d7 10. c5 Bxc5 11. dxc5 Nxc5 12. Qe3 Qe7 13. Nc3 Rd8 14. O-O
O-O 15. b3 Nd3 16. Nd4 Nxc1 17. Raxc1 Bg6 18. Rfd1 e5 19. f4 f6 20. fxe5 fxe5
21. Nf3 e4 22. Ng5 Nd5 23. Bc4 Bf7 24. Nxd5 cxd5 25. Nxf7 Qxf7 26. Rf1 Qe7 27.
Rxf8+ Qxf8 28. Be2 Qa3 29. Qg5 Qd6 30. Qe3 Qa3 31. Qg5 Qd6 32. Bg4 Qb6+ 33. Kh1
Qd6 34. Qxd8+ Qxd8 35. Rc8 Qxc8 36. Bxc8 Kf7 37. Bxb7 Ke6 38. Kg1 Ke5 39. Kf2
d4 40. Ke2 e3 41. Kd3 Kd6 42. Bf3 Kc5 43. a3 a5 44. b4+ axb4 45. axb4+ Kxb4 46.
Kxd4 Kb5 47. Kxe3 Kc5 48. Ke4 Kd6 49. Kf5 Ke7 50. Bh5 Kd6 51. Bg6 1-0

[Event "ENCI Limburg-open B"]
[Site "Maastricht"]
[Date "2011.06.11"]
[Round "3"]
[White "Jakob, Matthias1"]
[Black "Lafosse, Jimmy"]
[Result "0-1"]
[WhiteElo "1997"]
[BlackElo "2037"]
[PlyCount "58"]
[EventDate "2011.06.10"]
[EventType "swiss"]
[EventRounds "7"]
[EventCountry "NED"]
[Source "P.Boonen"]
[SourceDate "2012.01.01"]

1. e4 e6 2. d4 d5 3. Nc3 Bb4 4. e5 c5 5. Bd2 Bxc3 6. bxc3 Nc6 7. Nf3 Nge7 8.
Bd3 c4 9. Be2 Qa5 10. O-O Bd7 11. a4 Nc8 12. Bc1 O-O 13. Ba3 Rd8 14. Qd2 Qa6
15. Rfb1 Nb6 16. h4 Nxa4 17. h5 h6 18. g4 Qa5 19. Bc5 Qxc3 20. Rxa4 Qxd2 21.
Nxd2 Nxd4 22. Bxd4 Bxa4 23. Rxb7 Bxc2 24. Bxa7 c3 25. Be3 cxd2 26. Bxd2 Ra2 27.
Bb4 d4 28. Bc4 Ra1+ 29. Kg2 Be4+ 0-1

[Event "ENCI Limburg-open B"]
[Site "Maastricht"]
[Date "2011.06.11"]
[Round "3"]
[White "Johnen, Franz"]
[Black "Memeti, Kushtrim"]
[Result "1-0"]
[WhiteElo "1842"]
[BlackElo "1830"]
[PlyCount "71"]
[EventDate "2011.06.10"]
[EventType "swiss"]
[EventRounds "7"]
[EventCountry "NED"]
[Source "P.Boonen"]
[SourceDate "2012.01.01"]

1. d4 b6 2. c4 Bb7 3. e3 e6 4. Nf3 Nf6 5. Nc3 Be7 6. Be2 O-O 7. O-O d5 8. b3
dxc4 9. bxc4 c5 10. Ba3 Nbd7 11. d5 exd5 12. Nxd5 Nxd5 13. cxd5 Nf6 14. Bb2
Bxd5 15. Qd2 Ne4 16. Qc2 Qc7 17. Rad1 Qb7 18. Bc4 Rad8 19. Bxd5 Rxd5 20. Qxe4
Rfd8 21. Rxd5 Rxd5 22. Qg4 g6 23. e4 Rd3 24. h4 b5 25. h5 c4 26. hxg6 hxg6 27.
Ne5 Rd8 28. Nxg6 Bb4 29. Ne7+ Kf8 30. Nd5 Rxd5 31. exd5 Qxd5 32. Rd1 Qc6 33.
Qg7+ Ke7 34. Qg5+ f6 35. Qg7+ Ke8 36. Bxf6 1-0

[Event "ENCI Limburg-open B"]
[Site "Maastricht"]
[Date "2011.06.11"]
[Round "3"]
[White "Keetman, Dennis"]
[Black "Erin, Igor"]
[Result "1-0"]
[WhiteElo "1880"]
[BlackElo "1715"]
[PlyCount "101"]
[EventDate "2011.06.10"]
[EventType "swiss"]
[EventRounds "7"]
[EventCountry "NED"]
[Source "P.Boonen"]
[SourceDate "2012.01.01"]

1. e4 e6 2. d4 d5 3. e5 c5 4. c3 Nc6 5. Nf3 Nge7 6. a3 cxd4 7. cxd4 Nf5 8. Bb5
Qa5+ 9. Nc3 Bd7 10. O-O a6 11. Ba4 b5 12. Bc2 b4 13. Ne2 bxa3 14. Bxf5 exf5 15.
bxa3 Rb8 16. Nf4 Be7 17. Bd2 Qb5 18. Qc2 Qb3 19. Qxb3 Rxb3 20. Nxd5 Rxf3 21.
gxf3 Nxd4 22. Kg2 Bd8 23. Be3 Ne6 24. Rab1 g5 25. Nf6+ Bxf6 26. exf6 O-O 27.
Rfd1 Ba4 28. Rd5 h6 29. Rb4 f4 30. Rxa4 fxe3 31. fxe3 Kh7 32. Rd6 Kg6 33. Raxa6
Kxf6 34. Rd2 h5 35. h3 Rb8 36. a4 Rb3 37. Kf2 Ke7 38. Ra7+ Kf6 39. Rc2 Rb1 40.
Ra6 Rh1 41. Kg2 Re1 42. e4 Ke5 43. Ra5+ Kd4 44. Kf2 Kd3 45. Kxe1 Kxc2 46. Rf5
Kb3 47. a5 Nd4 48. Rxf7 Nc2+ 49. Kd2 Nb4 50. Rb7 Ka4 51. Rxb4+ 1-0

[Event "ENCI Limburg-open B"]
[Site "Maastricht"]
[Date "2011.06.11"]
[Round "3"]
[White "Koelmans, Jan Willem"]
[Black "Modder, Frank"]
[Result "1/2-1/2"]
[WhiteElo "2023"]
[BlackElo "1901"]
[PlyCount "77"]
[EventDate "2011.06.10"]
[EventType "swiss"]
[EventRounds "7"]
[EventCountry "NED"]
[Source "P.Boonen"]
[SourceDate "2012.01.01"]

1. d4 d5 2. c4 c6 3. Nf3 Nf6 4. e3 Bg4 5. Nc3 e6 6. cxd5 cxd5 7. Qa4+ Nbd7 8.
Ne5 a6 9. Nxg4 Nxg4 10. Be2 Ngf6 11. Bd2 Be7 12. O-O O-O 13. a3 Rc8 14. Rac1
Nb6 15. Qb3 Rc6 16. Na4 Rxc1 17. Rxc1 Nxa4 18. Qxa4 Qb8 19. Qc2 Bd6 20. h3 Rd8
21. Ba5 Re8 22. Bc7 Bxc7 23. Qxc7 Qxc7 24. Rxc7 Rb8 25. Bd3 Ne8 26. Rc5 Nd6 27.
Kf1 Kf8 28. Ke2 Ke7 29. f3 Kd7 30. Kd2 b6 31. Rc1 a5 32. e4 g6 33. e5 Nf5 34.
Bb5+ Kd8 35. Kd3 Nh4 36. g3 Nf5 37. g4 Ne7 38. f4 Rc8 39. Rc3 1/2-1/2

[Event "ENCI Limburg-open B"]
[Site "Maastricht"]
[Date "2011.06.11"]
[Round "3"]
[White "Kranenburg, Sebastiaan"]
[Black "Keetman, Maaike"]
[Result "1/2-1/2"]
[WhiteElo "1618"]
[BlackElo "1657"]
[PlyCount "92"]
[EventDate "2011.06.10"]
[EventType "swiss"]
[EventRounds "7"]
[EventCountry "NED"]
[Source "P.Boonen"]
[SourceDate "2012.01.01"]

1. e4 d5 2. exd5 Nf6 3. Bc4 Nxd5 4. d4 Nc6 5. Ne2 Bf5 6. O-O e6 7. Re1 Be7 8.
Bb5 Ndb4 9. Ba4 Qd7 10. a3 Nd5 11. c4 Nb6 12. d5 exd5 13. Bxc6 Qxc6 14. Nd4 Qf6
15. Nxf5 Qxf5 16. Qe2 Qd7 17. Bd2 Kf8 18. cxd5 Nxd5 19. Nc3 Nxc3 20. Bxc3 Re8
21. Rad1 Qc8 22. Qd2 h5 23. Qd4 f6 24. Qxa7 Rh6 25. Qd4 Rg6 26. Qd7 Qxd7 27.
Rxd7 Bd6 28. Rc1 Rg4 29. g3 h4 30. h3 Rg6 31. g4 f5 32. f3 Re7 33. Rd8+ Kf7 34.
Ra8 f4 35. Ra5 b6 36. Rf5+ Ke8 37. Kf1 Re3 38. Kf2 Rge6 39. Re1 Bc5 40. Rxe3
Rxe3 41. Kg2 Re2+ 42. Kh1 Rf2 43. Rxf4 Rf1+ 44. Kg2 Rf2+ 45. Kh1 Rf1+ 46. Kg2
Rf2+ 1/2-1/2

[Event "ENCI Limburg-open B"]
[Site "Maastricht"]
[Date "2011.06.11"]
[Round "3"]
[White "Kuryliw, Ray"]
[Black "Gerlagh, Joris"]
[Result "1/2-1/2"]
[WhiteElo "1831"]
[BlackElo "1776"]
[PlyCount "110"]
[EventDate "2011.06.10"]
[EventType "swiss"]
[EventRounds "7"]
[EventCountry "NED"]
[Source "P.Boonen"]
[SourceDate "2012.01.01"]

1. f4 d5 2. Nf3 c5 3. e3 Nc6 4. Bb5 Bd7 5. b3 Nf6 6. Bb2 e6 7. Bxc6 Bxc6 8. Ne5
Bd6 9. Nxc6 bxc6 10. O-O Qc7 11. Qe2 Kd7 12. d4 cxd4 13. Bxd4 Rag8 14. Nd2 h5
15. Nf3 Ng4 16. h3 Nh6 17. c4 Nf5 18. Rfd1 Rc8 19. Be5 Bxe5 20. Nxe5+ Ke7 21.
Qf2 g5 22. e4 Nd6 23. exd5 cxd5 24. fxg5 Nf5 25. Re1 dxc4 26. Nxc4 Qc5 27. Re5
Qxf2+ 28. Kxf2 Nd6 29. Nxd6 Kxd6 30. Rae1 Rc2+ 31. R5e2 Rhc8 32. Rxc2 Rxc2+ 33.
Re2 Rc5 34. h4 Rd5 35. Kg3 e5 36. Rf2 Rd3+ 37. Rf3 Rd2 38. Rxf7 Rxa2 39. g6 Ke6
40. Rb7 Rd2 41. g7 Rd8 42. Rxa7 Rg8 43. Kf3 Kf5 44. b4 Rc8 45. Rf7+ Kg6 46. Rc7
Rb8 47. b5 Kh7 48. g4 hxg4+ 49. Kxg4 Rxb5 50. h5 Rb1 51. h6 Rg1+ 52. Kh5 Rh1+
53. Kg5 Rg1+ 54. Kf6 Kxh6 55. Rc3 Rf1+ 1/2-1/2

[Event "ENCI Limburg-open B"]
[Site "Maastricht"]
[Date "2011.06.11"]
[Round "3"]
[White "Leentjens, Gilbert"]
[Black "Vaneylen, Urbain"]
[Result "1-0"]
[WhiteElo "1848"]
[BlackElo "1720"]
[PlyCount "59"]
[EventDate "2011.06.10"]
[EventType "swiss"]
[EventRounds "7"]
[EventCountry "NED"]
[Source "P.Boonen"]
[SourceDate "2012.01.01"]

1. e4 e6 2. d4 d5 3. e5 c5 4. c3 Nc6 5. Nf3 Qb6 6. Bd3 Bd7 7. O-O cxd4 8. cxd4
Nxd4 9. Nxd4 Qxd4 10. Nc3 Ne7 11. Re1 Ng6 12. Nb5 Qb6 13. Be3 Bc5 14. Bxc5 Qxc5
15. Rc1 Qb6 16. Nc7+ Ke7 17. Nxa8 Rxa8 18. b3 Bc6 19. Qg4 Rf8 20. h4 f6 21.
Bxg6 hxg6 22. Qxg6 fxe5 23. Qxg7+ Rf7 24. Qg5+ Kf8 25. Qe3 d4 26. Qxe5 d3 27.
Qh8+ Ke7 28. Rxe6+ Kxe6 29. Re1+ Kf5 30. Qh5+ 1-0

[Event "ENCI Limburg-open B"]
[Site "Maastricht"]
[Date "2011.06.11"]
[Round "3"]
[White "Lemmen, Raoul"]
[Black "Roelofs, Iris"]
[Result "0-1"]
[WhiteElo "1855"]
[BlackElo "1762"]
[PlyCount "76"]
[EventDate "2011.06.10"]
[EventType "swiss"]
[EventRounds "7"]
[EventCountry "NED"]
[Source "P.Boonen"]
[SourceDate "2012.01.01"]

1. d4 d5 2. c4 c6 3. Nc3 Nf6 4. Nf3 Bf5 5. e3 e6 6. Be2 Be7 7. O-O O-O 8. Nh4
Bg6 9. Nxg6 hxg6 10. c5 Nbd7 11. Qc2 e5 12. f4 e4 13. b4 b6 14. Bd2 Qc7 15. Be1
Nh7 16. g4 g5 17. f5 Nhf6 18. Bg3 Qb7 19. a4 a5 20. Rab1 axb4 21. Rxb4 Qc8 22.
Rfb1 bxc5 23. Rb7 cxd4 24. exd4 Bd8 25. Qb3 Ba5 26. h3 Ne8 27. Rc1 Bxc3 28.
Rxc3 Rxa4 29. Qxa4 Qxb7 30. Rxc6 Qb1+ 31. Kf2 Nef6 32. Qc2 Qh1 33. Qc1 Qxh3 34.
Qxg5 e3+ 35. Kf3 Qh1+ 36. Kxe3 Qe4+ 37. Kf2 Qxd4+ 38. Qe3 Ne4+ 0-1

[Event "ENCI Limburg-open B"]
[Site "Maastricht"]
[Date "2011.06.11"]
[Round "3"]
[White "Lenaerts, Lennert"]
[Black "Cebula, Jerzy"]
[Result "0-1"]
[WhiteElo "1867"]
[BlackElo "1991"]
[PlyCount "101"]
[EventDate "2011.06.10"]
[EventType "swiss"]
[EventRounds "7"]
[EventCountry "NED"]
[Source "P.Boonen"]
[SourceDate "2012.01.01"]

1. d4 Nf6 2. Nf3 g6 3. e3 Bg7 4. c4 c5 5. b3 O-O 6. Bb2 d6 7. Be2 Nc6 8. O-O
cxd4 9. exd4 a6 10. d5 Nb8 11. Nc3 Nbd7 12. Nd4 Ne5 13. h3 g5 14. Nf3 Nxf3+ 15.
Bxf3 Nd7 16. Na4 Ne5 17. Be2 Bd7 18. Nc3 Ng6 19. Qd2 Nf4 20. Ne4 Bxb2 21. Qxb2
f6 22. Ng3 Qe8 23. Qc2 Qg6 24. Qxg6+ hxg6 25. a4 a5 26. Rfe1 Kf7 27. Rad1 f5
28. Bd3 Rh8 29. Ne2 Nh5 30. Kf1 Nf6 31. Nd4 g4 32. hxg4 Nxg4 33. Nf3 Kf6 34.
Ke2 Rae8 35. Rf1 e5 36. dxe6 Bc6 37. Kd2 Bxf3 38. gxf3 Nh2 39. Rh1 Nxf3+ 40.
Kc3 Kxe6 41. Be2 Ng5 42. Rxh8 Rxh8 43. Rg1 Rh3+ 44. Kc2 Kf6 45. Rg2 Ne4 46. Kb2
Nc3 47. Bf1 Rf3 48. Kc2 Ne4 49. Be2 Rxf2 50. Rxf2 Nxf2 51. Kc3 {.....} 0-1

[Event "ENCI Limburg-open B"]
[Site "Maastricht"]
[Date "2011.06.11"]
[Round "3"]
[White "Lentjes, Noud"]
[Black "Frijns, Raoul"]
[Result "1-0"]
[WhiteElo "1869"]
[BlackElo "1809"]
[PlyCount "107"]
[EventDate "2011.06.10"]
[EventType "swiss"]
[EventRounds "7"]
[EventCountry "NED"]
[Source "P.Boonen"]
[SourceDate "2012.01.01"]

1. e4 c5 2. Nf3 Nc6 3. d4 cxd4 4. Nxd4 Nf6 5. Nc3 e5 6. Ndb5 d6 7. Bg5 a6 8.
Na3 b5 9. Nd5 Be7 10. Bxf6 gxf6 11. Bd3 Be6 12. c3 f5 13. Nc2 Bg5 14. Nce3 f4
15. Nf5 Ne7 16. Nfxe7 Bxe7 17. a4 Rb8 18. Qe2 Bxd5 19. exd5 Qb6 20. axb5 axb5
21. Qg4 b4 22. O-O Kf8 23. cxb4 Rg8 24. Qf5 Qd4 25. Rac1 Qxd5 26. Rc8+ Rxc8 27.
Qxc8+ Kg7 28. Qf5 Kf8 29. Be4 Qe6 30. Rc1 Qxf5 31. Bxf5 Kg7 32. Bc8 d5 33. b5
Bd6 34. b6 d4 35. b7 d3 36. Bf5 d2 37. Rd1 Rb8 38. Bc8 Bb4 39. Kf1 e4 40. Ke2
Kf6 41. h3 Ke5 42. Ra1 Kd4 43. Ra8 Bd6 44. Kxd2 f6 45. Ra4+ Ke5 46. Ra5+ Kd4
47. Rh5 h6 48. Ke2 Bf8 49. Rf5 f3+ 50. gxf3 exf3+ 51. Kxf3 Bg7 52. Ra5 Bf8 53.
Ra6 Ke5 54. Re6+ 1-0

[Event "ENCI Limburg-open B"]
[Site "Maastricht"]
[Date "2011.06.11"]
[Round "3"]
[White "Marinc, Damir"]
[Black "Van Trijp, Robin"]
[Result "0-1"]
[WhiteElo "2049"]
[BlackElo "1818"]
[PlyCount "66"]
[EventDate "2011.06.10"]
[EventType "swiss"]
[EventRounds "7"]
[EventCountry "NED"]
[Source "P.Boonen"]
[SourceDate "2012.01.01"]

1. c4 f5 2. g3 Nf6 3. Bg2 e5 4. d3 Bc5 5. Nc3 c6 6. Nf3 d6 7. O-O O-O 8. Na4
Bb6 9. Nxb6 Qxb6 10. b3 Bd7 11. Ba3 c5 12. e3 Nc6 13. Bb2 Rad8 14. Qe2 Qc7 15.
Rfd1 Bc8 16. Qc2 b6 17. d4 e4 18. Ng5 Nb4 19. Qc3 d5 20. Bf1 h6 21. Nh3 g5 22.
dxc5 bxc5 23. Kg2 f4 24. exf4 Bxh3+ 25. Kxh3 gxf4 26. Kg2 d4 27. Qe1 Nc2 28.
Qd2 Nxa1 29. gxf4 Nxb3 30. axb3 Nh5 31. Kh1 Qxf4 32. Qe2 Qh4 33. Rd2 e3 0-1

[Event "ENCI Limburg-open B"]
[Site "Maastricht"]
[Date "2011.06.11"]
[Round "3"]
[White "Meyes, Richard"]
[Black "Sanen, Erwin"]
[Result "1/2-1/2"]
[WhiteElo "1749"]
[BlackElo "1867"]
[PlyCount "97"]
[EventDate "2011.06.10"]
[EventType "swiss"]
[EventRounds "7"]
[EventCountry "NED"]
[Source "P.Boonen"]
[SourceDate "2012.01.01"]

1. c4 e5 2. g3 Nf6 3. Bg2 Bc5 4. Nc3 c6 5. Nf3 e4 6. Ng5 d5 7. d4 Bb4 8. Qb3
Bxc3+ 9. bxc3 h6 10. Nh3 g5 11. Ba3 Qb6 12. Bc5 Qxb3 13. axb3 dxc4 14. Rxa7
Rxa7 15. Bxa7 Na6 16. bxc4 Be6 17. c5 Kd7 18. Bb6 Ra8 19. Kd2 Nc7 20. Bxc7 Kxc7
21. Rc1 Bc4 22. Rc2 Ra1 23. f3 Bb3 24. Rb2 Rd1+ 25. Ke3 exf3 26. Bxf3 Be6 27.
Nf2 Rc1 28. Kd3 Bf5+ 29. e4 g4 30. exf5 gxf3 31. c4 h5 32. Rc2 Re1 33. Kd2 Re2+
34. Kd1 Re3 35. h3 Ne4 36. Nxe4 Rxe4 37. Rc1 Rxd4+ 38. Ke1 Kd7 39. Kf2 Ke7 40.
Kxf3 Kf6 41. Ke3 Rd7 42. Rf1 Re7+ 43. Kf4 Re5 44. g4 hxg4 45. hxg4 Rxc5 46. g5+
Kg7 47. Rc1 b5 48. Ke4 bxc4 49. Rc3 1/2-1/2

[Event "ENCI Limburg-open B"]
[Site "Maastricht"]
[Date "2011.06.11"]
[Round "3"]
[White "Olmos Sanz, Francisco J"]
[Black "De Kleuver, Jonathan"]
[Result "1-0"]
[WhiteElo "1761"]
[BlackElo "1934"]
[PlyCount "37"]
[EventDate "2011.06.10"]
[EventType "swiss"]
[EventRounds "7"]
[EventCountry "NED"]
[Source "P.Boonen"]
[SourceDate "2012.01.01"]

1. c4 e5 2. Nc3 f5 3. e4 f4 4. Qh5+ Ke7 5. Qxe5+ Kf7 6. c5 d6 7. Bc4+ Kg6 8.
Qxf4 Nh6 9. Nf3 Be7 10. Nd5 Be6 11. Nxe7+ Qxe7 12. Nh4+ Kh5 13. Be2+ Bg4 14.
Bxg4+ Nxg4 15. h3 Nxf2 16. g4+ Kxh4 17. Qxf2+ Kg5 18. d4+ Kg6 19. Qf5# 1-0

[Event "ENCI Limburg-open B"]
[Site "Maastricht"]
[Date "2011.06.11"]
[Round "3"]
[White "Peter, Laurenz"]
[Black "Karstens, Lex"]
[Result "1-0"]
[WhiteElo "1844"]
[BlackElo "1861"]
[PlyCount "63"]
[EventDate "2011.06.10"]
[EventType "swiss"]
[EventRounds "7"]
[EventCountry "NED"]
[Source "P.Boonen"]
[SourceDate "2012.01.01"]

1. d4 Nf6 2. c4 e5 3. dxe5 Ng4 4. Nf3 Bc5 5. e3 Nc6 6. a3 a5 7. Qd5 Qe7 8. b3
Ngxe5 9. Bb2 d6 10. Nc3 Be6 11. Qe4 f5 12. Qc2 Nxf3+ 13. gxf3 f4 14. Qe4 fxe3
15. fxe3 Kd7 16. O-O-O Qg5 17. f4 Qf5 18. Rd3 Qf7 19. Rd1 Rae8 20. Na4 b6 21.
Bg2 Nd8 22. Nxc5+ bxc5 23. Qa8 Bg4 24. Rde1 Bf5 25. Rhg1 Rhg8 26. Bc3 Ke7 27.
Qxa5 Ne6 28. Bb2 Kf8 29. Bc6 Nd8 30. Bxe8 Qxe8 31. Qxc7 Qe4 32. Qxd6+ 1-0

[Event "ENCI Limburg-open B"]
[Site "Maastricht"]
[Date "2011.06.11"]
[Round "3"]
[White "Pijlman, Rene"]
[Black "Machiroux, Bruno"]
[Result "1-0"]
[WhiteElo "1929"]
[BlackElo "1773"]
[PlyCount "39"]
[EventDate "2011.06.10"]
[EventType "swiss"]
[EventRounds "7"]
[EventCountry "NED"]
[Source "P.Boonen"]
[SourceDate "2012.01.01"]

1. e4 c5 2. Nc3 a6 3. g3 b5 4. Bg2 Bb7 5. d3 e6 6. Nge2 Nf6 7. O-O d6 8. f4 Nc6
9. h3 Be7 10. g4 Qc7 11. Ng3 O-O-O 12. a4 b4 13. Nce2 d5 14. e5 Nd7 15. c3 a5
16. d4 f6 17. Be3 fxe5 18. fxe5 Rhf8 19. Qc2 h6 20. Qg6 1-0

[Event "ENCI Limburg-open B"]
[Site "Maastricht"]
[Date "2011.06.11"]
[Round "3"]
[White "Ramaekers, Philippe1"]
[Black "Aben, Paul"]
[Result "1-0"]
[WhiteElo "1811"]
[BlackElo "1949"]
[PlyCount "55"]
[EventDate "2011.06.10"]
[EventType "swiss"]
[EventRounds "7"]
[EventCountry "NED"]
[Source "P.Boonen"]
[SourceDate "2012.01.01"]

1. e4 c6 2. Nc3 d5 3. Nf3 Bg4 4. h3 Bxf3 5. Qxf3 e6 6. d4 dxe4 7. Qxe4 Nf6 8.
Qd3 Nbd7 9. Bg5 Bb4 10. Be2 Qa5 11. Bd2 O-O 12. O-O Qc7 13. Nb5 Qa5 14. Nc3 Nd5
15. Qg3 Qc7 16. f4 Nxc3 17. bxc3 Bd6 18. Bd3 g6 19. c4 Nf6 20. Qf3 Rfd8 21. f5
exf5 22. Bxf5 gxf5 23. Qxf5 Ne8 24. Bh6 f6 25. c5 Bf8 26. Qg4+ Bg7 27. Rae1 Qd7
28. Rxe8+ 1-0

[Event "ENCI Limburg-open B"]
[Site "Maastricht"]
[Date "2011.06.11"]
[Round "3"]
[White "Schloemer, Armin"]
[Black "Heuts, John"]
[Result "1/2-1/2"]
[WhiteElo "1717"]
[BlackElo "1788"]
[PlyCount "100"]
[EventDate "2011.06.10"]
[EventType "swiss"]
[EventRounds "7"]
[EventCountry "NED"]
[Source "P.Boonen"]
[SourceDate "2012.01.01"]

1. e4 e6 2. b3 d5 3. Bb2 Nf6 4. e5 Nfd7 5. Qg4 c5 6. f4 Nc6 7. Nf3 f6 8. Qxe6+
Ne7 9. exf6 Nxf6 10. Bb5+ Bd7 11. Ne5 Qc7 12. Bxd7+ Nxd7 13. Nf7 Rg8 14. O-O
Qc6 15. Ng5 Qxe6 16. Nxe6 Kf7 17. Ng5+ Kg6 18. Nc3 Nf6 19. Ne6 Nf5 20. g4 Nxg4
21. Nxd5 Bd6 22. Rae1 Nf6 23. Ne3 Rae8 24. Nc4 b6 25. Nxd6 Nxd6 26. d3 Nf5 27.
Kh1 h6 28. Re5 Nh4 29. Rg1+ Kf7 30. Nxg7 Nf3 31. Rxe8 Nxe8 32. Rg3 Nxg7 33.
Rxf3 Nf5 34. Rf2 Re8 35. Be5 a6 36. a4 b5 37. axb5 axb5 38. c3 Ra8 39. c4 bxc4
40. dxc4 Ra3 41. Rb2 Ne3 42. Rb1 Ra2 43. Bd6 Ra5 44. b4 cxb4 45. Bxb4 Rf5 46.
c5 Rxf4 47. Bd2 Rf3 48. c6 Nd5 49. Bxh6 Rc3 50. Rd1 Rxc6 1/2-1/2

[Event "ENCI Limburg-open B"]
[Site "Maastricht"]
[Date "2011.06.11"]
[Round "3"]
[White "Schubert, Karl"]
[Black "De Ridder, Naomi"]
[Result "0-1"]
[WhiteElo "1838"]
[BlackElo "1741"]
[PlyCount "78"]
[EventDate "2011.06.10"]
[EventType "swiss"]
[EventRounds "7"]
[EventCountry "NED"]
[Source "P.Boonen"]
[SourceDate "2012.01.01"]

1. d4 d5 2. Nf3 Nf6 3. g3 e6 4. Bg2 c5 5. O-O Nbd7 6. b3 b6 7. Bb2 Bb7 8. Nbd2
Bd6 9. c4 O-O 10. Rc1 Qb8 11. a3 Bc7 12. dxc5 bxc5 13. cxd5 exd5 14. Bxf6 gxf6
15. Qc2 Re8 16. Qf5 Bc6 17. Nh4 Re5 18. Qg4+ Kh8 19. f4 Re6 20. Qh5 Qe8 21. Bf3
Bb6 22. Kh1 Ba5 23. b4 cxb4 24. Rxc6 Rxc6 25. Qxd5 Rc2 26. Ne4 Bc7 27. axb4 Rb8
28. Rd1 Nb6 29. Qd4 Bd8 30. Nd6 Qe6 31. f5 Qe7 32. Qd3 Rc7 33. Qb3 Kg8 34. Bh5
Kg7 35. Nxf7 h6 36. Qf3 Qxb4 37. Nxd8 Rcc8 38. Nc6 Qa4 39. Rc1 Rc7 {.....} 0-1

[Event "ENCI Limburg-open B"]
[Site "Maastricht"]
[Date "2011.06.11"]
[Round "3"]
[White "Senders, Mischa"]
[Black "Ingelaere, Tijl"]
[Result "1-0"]
[WhiteElo "1746"]
[BlackElo "1737"]
[PlyCount "69"]
[EventDate "2011.06.10"]
[EventType "swiss"]
[EventRounds "7"]
[EventCountry "NED"]
[Source "P.Boonen"]
[SourceDate "2012.01.01"]

1. e4 e6 2. d3 d5 3. Nd2 Nf6 4. Ngf3 dxe4 5. dxe4 Nc6 6. Bb5 Bd7 7. c3 a6 8.
Ba4 Be7 9. O-O O-O 10. Re1 Na7 11. Bc2 Bc6 12. Nd4 Qd7 13. N2f3 Rfd8 14. Bf4
Qc8 15. Qd3 g6 16. Qe2 Nh5 17. Bg5 Bxg5 18. Nxg5 Qd7 19. Qf3 Qe7 20. Qg4 Bd7
21. e5 Nb5 22. Nxb5 Bxb5 23. Nxh7 Bd3 24. Bxd3 Rxd3 25. Ng5 Rad8 26. Ne4 b6 27.
f4 R8d7 28. g3 Kg7 29. Qe2 Qd8 30. Rf1 Kf8 31. g4 Ng7 32. Nf6 Re7 33. Rad1 Rxd1
34. Rxd1 Qc8 35. Qf2 1-0

[Event "ENCI Limburg-open B"]
[Site "Maastricht"]
[Date "2011.06.11"]
[Round "3"]
[White "Singh, Marcel"]
[Black "Taverniers, Peter"]
[Result "1-0"]
[WhiteElo "1904"]
[BlackElo "1785"]
[PlyCount "33"]
[EventDate "2011.06.10"]
[EventType "swiss"]
[EventRounds "7"]
[EventCountry "NED"]
[Source "P.Boonen"]
[SourceDate "2012.01.01"]

1. e4 e5 2. Nc3 Nf6 3. Bc4 d6 4. d3 Be7 5. f4 exf4 6. Bxf4 O-O 7. Nf3 Be6 8.
Bb5 c6 9. Ba4 b5 10. Bb3 Bxb3 11. axb3 Qb6 12. Qd2 Nbd7 13. Be3 Qb7 14. O-O Ng4
15. Bf4 Qb6+ 16. Kh1 f5 17. h3 {.....} 1-0